La lucha contra los monopolios
Kaydedildi:
| Yazar: | |
|---|---|
| Materyal Türü: | Kitap |
| Dil: | İspanyolca |
| Baskı/Yayın Bilgisi: |
Madrid
Tecnos
1970
|
| Edisyon: | 3a. ed |
| Seri Bilgileri: | Biblioteca Tecnos de Ciencias Económicas, 2
|
| Konular: | |
| Etiketler: |
Etiketle
Etiket eklenmemiş, İlk siz ekleyin!
|
MARC
| LEADER | 00000nam a2200000 a 4500 | ||
|---|---|---|---|
| 001 | UCR7745 | ||
| 003 | CL-VaPUC | ||
| 008 | 980519e19700000SP |||||||||||||||||spa|d | ||
| 082 | 0 | 4 | |a 343.072 |b TAM |2 21 |
| 100 | 0 | |a Tamames, Ramón |e author |9 409162 | |
| 245 | 1 | 3 | |a La lucha contra los monopolios |
| 250 | |a 3a. ed | ||
| 300 | |a 552 p | ||
| 942 | |c BK | ||
| 945 | |d 19980519 00:00:00 |a crobeson | ||
| 260 | |a Madrid |b Tecnos |c 1970 | ||
| 650 | 0 | |a Monopolios |9 255549 | |
| 650 | 0 | |a Competencia económica |9 256096 | |
| 650 | 7 | |a CONCENTRACION ECONOMICA |2 CL-VaPUC |9 256619 | |
| 650 | 7 | |a FUSIONES DE EMPRESAS |2 CL-VaPUC |9 409163 | |
| 650 | 0 | |a Estructura del mercado |9 338639 | |
| 583 | |a last modification |c 19980519 00:00:00 |k Rodrigo Vera | ||
| 490 | 0 | |a Biblioteca Tecnos de Ciencias Económicas, 2 | |
| 999 | |c 269331 |d 269329 | ||
| 952 | |0 0 |1 0 |4 0 |6 343_072000000000000_TAM_1970 |7 0 |8 A |9 303044 |a BIBGIM |b BIBGIM |d 2019-11-20 |i 1994190 |o 343.072 TAM 1970 |p 1994190 |r 2025-01-15 |w 2019-11-20 |y BK |k COM | ||